000 00768nam a2200253Ia 4500
003 OSt
005 20220923213804.0
006 a|||||r|||| 00| 0
007 ta
008 220922b |||||||| |||| 00| 0 hin d
020 _c30
024 _a164,538
037 _cTextual
040 _aARTS
_cARTS
_bhin
041 _2hin
_ahin
082 _aO152,1N246x, L3
100 _aगुप्त, जगदीश
_9156290
245 0 _aयुग्म
246 _aYugma
260 _aदिल्ली
_b भारतीय ज्ञानपीठ प्रकाशन
_c1973
650 _aहिन्दी साहित्य
_9156264
942 _hO152,1N246x, L3
_cTEXL
_2CC
999 _c319018
_d319018